Positive plans (Record no. 74406)
[ view plain ]
| 000 -LEADER | |
|---|---|
| fixed length control field | 01172cab a2200265 4500 |
| 001 - CONTROL NUMBER | |
| control field | ABS67841 |
| 008 - FIXED-LENGTH DATA ELEMENTS--GENERAL INFORMATION | |
| fixed length control field | 040524n2004 000 0 eng u |
| 035 ## - SYSTEM CONTROL NUMBER | |
| System control number | (Sirsi) u126261 |
| 100 ## - MAIN ENTRY--PERSONAL NAME | |
| Personal name | Menary, S. |
| 245 ## - TITLE STATEMENT | |
| Title | Positive plans |
| 260 ## - PUBLICATION, DISTRIBUTION, ETC. | |
| Date of publication, distribution, etc. | 2004 |
| 490 ## - SERIES STATEMENT | |
| Series statement | House Builder |
| Volume/sequential designation | 63(4) May 2004, 47-51(3) |
| 520 ## - SUMMARY, ETC. | |
| Summary, etc. | Features the latest EMAP Glenigan survey of house builder's planning intentions. The research for the 12 months to March 2004 shows leading companies are applying to build more homes than a year ago in all regions except London and southeast England, where problems of new home affordability are at their greatest. Data for Northern Ireland, where the number of applications to build is rising fast, are included for the first time. Tables cover the top 10 house builders by number of units planned for all English regions, Wales, Scotland and Northern Ireland. |
| 590 ## - LOCAL NOTE (RLIN) | |
| Local note | ABS |
| 650 ## - SUBJECT ADDED ENTRY--TOPICAL TERM | |
| Topical term or geographic name entry element | PLANNING APPLICATIONS |
| 650 ## - SUBJECT ADDED ENTRY--TOPICAL TERM | |
| Topical term or geographic name entry element | RANKINGS |
| 650 ## - SUBJECT ADDED ENTRY--TOPICAL TERM | |
| Topical term or geographic name entry element | HOUSE BUILDING |
| 650 ## - SUBJECT ADDED ENTRY--TOPICAL TERM | |
| Topical term or geographic name entry element | NEW HOMES |
| 650 ## - SUBJECT ADDED ENTRY--TOPICAL TERM | |
| Topical term or geographic name entry element | NORTHERN IRELAND |
| 650 ## - SUBJECT ADDED ENTRY--TOPICAL TERM | |
| Topical term or geographic name entry element | SCOTLAND |
| 650 ## - SUBJECT ADDED ENTRY--TOPICAL TERM | |
| Topical term or geographic name entry element | ENGLAND |
| 650 ## - SUBJECT ADDED ENTRY--TOPICAL TERM | |
| Topical term or geographic name entry element | WALES |
| 690 ## - LOCAL SUBJECT ADDED ENTRY--TOPICAL TERM (OCLC, RLIN) | |
| Topical term or geographic name as entry element | HOUSING-DEVELOPMENT |
| 942 ## - ADDED ENTRY ELEMENTS (KOHA) | |
| Suppress in OPAC | 0 |
| Withdrawn status | Lost status | Source of classification or shelving scheme | Damaged status | Not for loan | Home library | Current library | Shelving location | Date acquired | Total Checkouts | Full call number | Barcode | Date last seen | Copy number | Price effective from | Koha item type |
|---|---|---|---|---|---|---|---|---|---|---|---|---|---|---|---|
| Dewey Decimal Classification | London | London | Journal article | 24/05/2004 | ABS67841 | 126261-1001 | 06/08/2019 | 1 | 06/08/2019 | Journal article |